Harry Potter Numbers Quiz - Multiple Choice - Statistics

General Stats
  • This quiz has been taken 70 times
  • The average score is 10 of 16
Answer Stats
Question Answer % Correct
How many houses does Hogwarts have? 4
98%
What platform at King's Cross is the Hogwarts express on?
95%
How many deathly hallows were there? 3
90%
What is the most magically powerful number? 7
88%
How many members did the DA have originally? 28
67%
How old did Dumbledore live to be? 115-116
60%
"When __ dine together, the first to rise will be the first to die." -Sybill Trelawney 13
60%
How long was Harry's original wand (in inches)? 11
58%
How many wizarding wars were there? 2
58%
What was the date of the Battle of Hogwarts? 5/2/1998
52%
How old is a kid when they finish Hogwarts (generally)? 18
50%
What was the last educational decree that Umbridge made? 29
45%
How many pieces was Voldemort's soul in? 8
45%
How many wizarding schools are there in the wizarding world? 11
38%
"The fallen __." The amount of people killed fighting Voldemort and his death eaters in the Battle of Hogwarts. 50
28%
What year (AD) was Hogwarts founded? 990
25%
No matching quizzes found
Score Distribution
Percent of People with Each Score
Percentile by Number Answered
Your Score History
You have not taken this quiz